[Event "VIE-ch (Women)"]
[Site "Vung Tau"]
[Date "2023.03.03"]
[Round "1"]
[White "Le, Thai Hoang Anh"]
[Black "Nguyen, Thi Minh Thu"]
[Result "0-1"]
[WhiteElo "1204"]
[BlackElo "1855"]
[PlyCount "92"]
[EventDate "2023.03.03"]
[EventType "swiss"]
[EventRounds "9"]
[EventCountry "VIE"]
[SourceTitle "EXT 2024"]
[Source "ChessBase"]
[SourceDate "2023.10.10"]
[SourceVersion "1"]
[SourceVersionDate "2023.10.10"]
[SourceQuality "1"]

1. e4 c5 2. Nf3 Nc6 3. d4 cxd4 4. Nxd4 Nf6 5. Nc3 d6 6. Be2 g6 7. Be3 Bg7 8. 0-0 Bd7 9. f4 0-0 10. Nb3 Qc8 11. h3 Be6 12. Bf3 Nd7 13. Nd4 Nxd4 14. Bxd4 Bxd4+ 15. Qxd4 Qc5 16. Rad1 Rac8 17. Rfe1 b5 18. Nd5 Qxd4+ 19. Rxd4 Rfe8 20. c3 Rc5 21. e5 dxe5 22. fxe5 a6 23. b4 Rcc8 24. Re3 Nf8 25. a3 Bxd5 26. Bxd5 Rc7 27. e6 f6 28. Ba2 Rec8 29. Rd7 Kg7 30. Rdd3 f5 31. g4 Kf6 32. Bd5 f4 33. Rf3 g5 34. h4 Nxe6 35. hxg5+ Nxg5 36. Rxf4+ Kg6 37. Be4+ Nxe4 38. Rxe4 Rxc3 39. Rxc3 Rxc3 40. Rxe7 Rxa3 41. Kh2 Ra4 42. Kh3 h5 43. gxh5+ Kxh5 44. Kg3 Kg5 45. Kf3 Rxb4 46. Ra7 Ra4 0-1

[Event "VIE-ch (Women)"]
[Site "Vung Tau"]
[Date "2023.03.03"]
[Round "2"]
[White "Nguyen, Thi Minh Thu"]
[Black "Vo, Thi Kim Phung"]
[Result "0-1"]
[WhiteElo "1855"]
[BlackElo "2352"]
[PlyCount "36"]
[EventDate "2023.03.03"]
[EventType "swiss"]
[EventRounds "9"]
[EventCountry "VIE"]
[SourceTitle "EXT 2024"]
[Source "ChessBase"]
[SourceDate "2023.10.10"]
[SourceVersion "1"]
[SourceVersionDate "2023.10.10"]
[SourceQuality "1"]

1. d4 d5 2. c4 c6 3. Nc3 dxc4 4. a4 e5 5. Nf3 exd4 6. Qxd4 Qxd4 7. Nxd4 Bc5 8. Nf3 Na6 9. Bd2 Nf6 10. Rc1 Nb4 11. Ng5 Be7 12. g3 h6 13. Nf3 Bf5 14. Ne5 Nc2+ 15. Kd1 Nd4 16. Na2 Nb3 17. Rxc4 Rd8 18. Nd3 Nxd2 0-1

[Event "Hanoi (Women) op 12"]
[Site "Hanoi"]
[Date "2022.??.??"]
[Round "3"]
[White "Mai, Hieu Linh"]
[Black "Nguyen, Thi Minh Thu"]
[Result "1/2-1/2"]
[WhiteElo "1451"]
[BlackElo "1855"]
[PlyCount "57"]
[EventDate "2022.12.11"]
[EventType "swiss"]
[EventRounds "9"]
[EventCountry "VIE"]
[SourceTitle "CBM 211 Extra"]
[Source "ChessBase"]
[SourceDate "2023.01.31"]
[SourceVersion "1"]
[SourceVersionDate "2023.01.31"]
[SourceQuality "1"]

1. e4 c6 2. d4 d5 3. exd5 cxd5 4. Bd3 Nc6 5. c3 Nf6 6. h3 e5 7. dxe5 Nxe5 8. Nf3 Nxd3+ 9. Qxd3 h6 10. 0-0 Be7 11. Bf4 0-0 12. Nbd2 Re8 13. Rfe1 b6 14. Nd4 Bb7 15. Nf5 Bf8 16. Nf3 Ne4 17. N3d4 Qf6 18. Qf3 Kh7 19. Ng3 Nxg3 20. Qxg3 Re4 21. Be5 Qg6 22. Qxg6+ Kxg6 23. f3 Rxe1+ 24. Rxe1 Re8 25. Kf2 Bc5 26. b4 Bxd4+ 27. Bxd4 Rxe1 28. Kxe1 Ba6 29. Kf2 1/2-1/2

[Event "Hanoi (Women) op 12"]
[Site "Hanoi"]
[Date "2022.??.??"]
[Round "4"]
[White "Nguyen, Thi Minh Thu"]
[Black "Nguyen, Thi Thanh Ngan"]
[Result "1-0"]
[WhiteElo "1855"]
[BlackElo "1961"]
[PlyCount "95"]
[EventDate "2022.12.11"]
[EventType "swiss"]
[EventRounds "9"]
[EventCountry "VIE"]
[SourceTitle "CBM 211 Extra"]
[Source "ChessBase"]
[SourceDate "2023.01.31"]
[SourceVersion "1"]
[SourceVersionDate "2023.01.31"]
[SourceQuality "1"]

1. d4 Nf6 2. c4 c5 3. Nf3 g6 4. Nc3 Bg7 5. e4 cxd4 6. Nxd4 d6 7. Be2 0-0 8. Be3 Nc6 9. 0-0 Bd7 10. h3 Rc8 11. Qd2 Re8 12. Rac1 Nxd4 13. Bxd4 Bc6 14. Bf3 a6 15. Rfd1 Nd7 16. Bg4 h5 17. Bxd7 Qxd7 18. Bxg7 Kxg7 19. e5 Red8 20. Qd4 Kh7 21. exd6 Qxd6 22. Qxd6 Rxd6 23. Rxd6 exd6 24. Rd1 Rd8 25. b4 b5 26. c5 d5 27. Ne2 Rc8 28. Nd4 Bb7 29. Re1 Rc7 30. c6 Ba8 31. Kf1 Kg7 32. Ke2 Bxc6 33. Rc1 Re7+ 34. Kd2 Bb7 35. f3 Kf6 36. Nb3 Ke5 37. Re1+ Kd6 38. Rxe7 Kxe7 39. Kd3 Kd6 40. Kd4 Bc8 41. Nc5 f6 42. h4 g5 43. g3 f5 44. f4 g4 45. a3 Kc6 46. Ke5 a5 47. Nb3 axb4 48. axb4 1-0

[Event "Hanoi (Women) op 12"]
[Site "Hanoi"]
[Date "2022.??.??"]
[Round "6"]
[White "Nguyen, Thi Minh Thu"]
[Black "Pham, Thi Thu Hien"]
[Result "1/2-1/2"]
[WhiteElo "1855"]
[BlackElo "2110"]
[PlyCount "80"]
[EventDate "2022.12.11"]
[EventType "swiss"]
[EventRounds "9"]
[EventCountry "VIE"]
[SourceTitle "CBM 211 Extra"]
[Source "ChessBase"]
[SourceDate "2023.01.31"]
[SourceVersion "1"]
[SourceVersionDate "2023.01.31"]
[SourceQuality "1"]

1. d4 Nf6 2. c4 c5 3. Nf3 g6 4. Nc3 Bg7 5. e4 cxd4 6. Nxd4 d6 7. Be2 Nc6 8. Be3 0-0 9. 0-0 Bd7 10. h3 a6 11. Qd2 Nxd4 12. Bxd4 Bc6 13. Bf3 Rc8 14. Rfd1 Nd7 15. Bg4 f5 16. Bxg7 Kxg7 17. Be2 fxe4 18. Bg4 Rf6 19. Qe3 h5 20. Bxd7 Qxd7 21. Nxe4 Bxe4 22. Qxe4 Rc7 23. Re1 Qf5 24. Re2 Qc5 25. Rae1 e5 26. b3 Rf4 27. Qe3 Qc6 28. Rd2 Rf6 29. Qe4 Qb6 30. Qe3 Qa5 31. Red1 Rc6 32. Qe2 Qc7 33. Rd5 Rc5 34. Qe3 Rxd5 35. Rxd5 Qc6 36. Qd3 Re6 37. Qe4 Kf7 38. Qe3 Kg7 39. Qe4 Rf6 40. Qd3 b6 1/2-1/2

[Event "Hanoi (Women) op 12"]
[Site "Hanoi"]
[Date "2022.??.??"]
[Round "2"]
[White "Nguyen, Thi Minh Thu"]
[Black "Tran, Thi Hong Ngoc"]
[Result "1-0"]
[WhiteElo "1855"]
[BlackElo "1960"]
[PlyCount "86"]
[EventDate "2022.12.11"]
[EventType "swiss"]
[EventRounds "9"]
[EventCountry "VIE"]
[SourceTitle "CBM 211 Extra"]
[Source "ChessBase"]
[SourceDate "2023.01.31"]
[SourceVersion "1"]
[SourceVersionDate "2023.01.31"]
[SourceQuality "1"]

1. d4 d5 2. c4 e6 3. Nc3 Nf6 4. Nf3 Be7 5. g3 0-0 6. Bg2 b6 7. 0-0 Bb7 8. cxd5 Nxd5 9. Nxd5 exd5 10. Bf4 c5 11. Rc1 Nd7 12. Be3 Rc8 13. Bh3 Bd6 14. Qa4 Bc6 15. Qa3 Qe7 16. Qd3 Rc7 17. b3 Rd8 18. Qd2 Nf8 19. Nh4 Bd7 20. Bxd7 Qxd7 21. dxc5 Bxc5 22. Bxc5 bxc5 23. Rfd1 h6 24. Ng2 Ne6 25. Nf4 Nxf4 26. Qxf4 Rc6 27. e3 Qc8 28. Qe5 f6 29. Qb2 Rdd6 30. Qa3 Rc7 31. Rc2 d4 32. Qa4 Kh8 33. exd4 Qg4 34. Rcd2 cxd4 35. Rxd4 Qxd1+ 36. Rxd1 Rxd1+ 37. Kg2 Rd2 38. a3 Rcc2 39. Qe4 Kg8 40. a4 Rd6 41. b4 Rd7 42. b5 a5 43. Qa8+ Rd8 1-0

[Event "Titled Tuesday intern op 05th Oct"]
[Site "Chess.com INT"]
[Date "2021.10.05"]
[Round "3"]
[White "Nguyen, Thi Minh Thu"]
[Black "Diakonova, Ekaterina"]
[Result "0-1"]
[WhiteElo "1855"]
[BlackElo "2157"]
[PlyCount "36"]
[EventDate "2021.10.05"]
[EventType "swiss (blitz)"]
[EventRounds "11"]
[EventCountry "USA"]
[SourceTitle "CBM 204 Extra"]
[Source "ChessBase"]
[SourceDate "2021.11.30"]
[SourceVersion "1"]
[SourceVersionDate "2021.11.30"]
[SourceQuality "1"]

1. d4 d6 2. Nf3 Nf6 3. Bg5 g6 4. Bxf6 exf6 5. g3 Bg7 6. Bg2 0-0 7. 0-0 d5 8. c4 dxc4 9. Nbd2 b5 10. a4 bxa4 11. Ne5 c6 12. Nxc6 Nxc6 13. Bxc6 Rb8 14. Nxc4 Bh3 15. Bg2 Bxg2 16. Kxg2 Qd5+ 17. f3 Qxc4 18. Qxa4 Qxe2+ 0-1

[Event "Titled Tuesday intern op 24th Aug"]
[Site "Chess.com INT"]
[Date "2021.08.24"]
[Round "6"]
[White "Nguyen, Thi Minh Thu"]
[Black "Mogirzan, Matei Valeriu"]
[Result "1/2-1/2"]
[WhiteElo "1855"]
[BlackElo "1813"]
[PlyCount "71"]
[EventDate "2021.08.24"]
[EventType "swiss (blitz)"]
[EventRounds "11"]
[EventCountry "USA"]
[SourceTitle "EXT 2022"]
[Source "ChessBase"]
[SourceDate "2021.10.06"]
[SourceVersion "1"]
[SourceVersionDate "2021.10.06"]
[SourceQuality "1"]

1. d4 Nf6 2. Bg5 c6 3. Bxf6 gxf6 4. Nf3 d5 5. e3 Rg8 6. Nbd2 Nd7 7. c4 e5 8. Qc2 e4 9. Ng1 f5 10. g3 Nf6 11. Ne2 Bd7 12. Qb3 Qc7 13. Rc1 Be6 14. Nf4 Qd7 15. cxd5 Nxd5 16. Nxd5 Bxd5 17. Bc4 a6 18. Bxd5 cxd5 19. Qb6 Rc8 20. 0-0 Rc6 21. Rxc6 Qxc6 22. Qxc6+ bxc6 23. Rc1 Kd7 24. Nb3 Bd6 25. Nc5+ Bxc5 26. Rxc5 Rb8 27. b3 Rb5 28. Kg2 Kd6 29. Rxb5 cxb5 30. Kh3 Ke6 31. Kh4 f6 32. Kh5 Kf7 33. Kh6 Kg8 34. b4 Kh8 35. h3 Kg8 36. a3 1/2-1/2

[Event "VIE-ch (Women)"]
[Site "Ho Chi Minh City"]
[Date "2021.03.25"]
[Round "2"]
[White "Nguyen, Thi Minh Thu"]
[Black "Tong, Thai Hoang An"]
[Result "1-0"]
[WhiteElo "1861"]
[BlackElo "1224"]
[PlyCount "61"]
[EventDate "2021.03.24"]
[EventType "swiss"]
[EventRounds "9"]
[EventCountry "VIE"]
[SourceTitle "EXT 2022"]
[Source "ChessBase"]
[SourceDate "2021.10.06"]
[SourceVersion "1"]
[SourceVersionDate "2021.10.06"]
[SourceQuality "1"]

1. d4 d5 2. c4 e6 3. Nc3 c6 4. e3 Nf6 5. Nf3 Nbd7 6. Bd3 dxc4 7. Bxc4 b5 8. Bd3 a6 9. 0-0 c5 10. Be2 Bb7 11. Ne5 Nxe5 12. dxe5 Nd7 13. f4 Be7 14. Bf3 Bxf3 15. Qxf3 0-0 16. Rd1 Qc7 17. Bd2 Nb6 18. Be1 Rfd8 19. Bf2 h6 20. h3 c4 21. a3 Rd3 22. a4 b4 23. a5 bxc3 24. axb6 Qb8 25. Rxd3 cxb2 26. Rb1 cxd3 27. Rxb2 a5 28. Qc6 Bb4 29. b7 d2 30. Rxd2 Bxd2 31. bxa8Q 1-0

[Event "VIE-ch op (Women)"]
[Site "Hanoi"]
[Date "2020.11.29"]
[Round "9"]
[White "Nguyen, Thi Minh Thu"]
[Black "Nguyen, Thanh Thuy Tien"]
[Result "1/2-1/2"]
[WhiteElo "2297"]
[BlackElo "2301"]
[PlyCount "55"]
[EventDate "2020.11.23"]
[EventType "swiss"]
[EventRounds "9"]
[EventCountry "VIE"]
[SourceTitle "CBM 199 Extra"]
[Source "ChessBase"]
[SourceDate "2021.01.31"]
[SourceVersion "1"]
[SourceVersionDate "2021.01.31"]
[SourceQuality "1"]

1. d4 Nf6 2. c4 e6 3. Nc3 Bb4 4. Qc2 0-0 5. Nf3 c5 6. Bg5 cxd4 7. Nxd4 Nc6 8. Nxc6 bxc6 9. a3 Be7 10. e3 d5 11. Be2 e5 12. cxd5 cxd5 13. Rd1 Be6 14. 0-0 Qa5 15. Qa4 Qxa4 16. Nxa4 Rab8 17. Bxf6 Bxf6 18. Rd2 d4 19. exd4 exd4 20. Nc5 Rfd8 21. b4 g6 22. Bd3 Bd5 23. Be4 Bxe4 24. Nxe4 Be7 25. Rfd1 f5 26. Nc5 a5 27. g3 axb4 28. axb4 1/2-1/2

[Event "VIE-ch (Women)"]
[Site "Hanoi"]
[Date "2020.10.09"]
[Round "7"]
[White "Nguyen, Thi Minh Thu"]
[Black "Ngo, Thi Kim Tuyen"]
[Result "0-1"]
[WhiteElo "1873"]
[BlackElo "1885"]
[PlyCount "105"]
[EventDate "2020.10.05"]
[EventType "swiss"]
[EventRounds "9"]
[EventCountry "VIE"]
[SourceTitle "EXT 2022"]
[Source "ChessBase"]
[SourceDate "2021.10.06"]
[SourceVersion "1"]
[SourceVersionDate "2021.10.06"]
[SourceQuality "1"]

1. d4 d5 2. c4 c6 3. Nf3 Nf6 4. Nc3 dxc4 5. e3 Bf5 6. Bxc4 e6 7. 0-0 Be7 8. Re1 Bg4 9. h3 Bh5 10. Qb3 b5 11. Be2 0-0 12. Ne5 Bxe2 13. Rxe2 a5 14. Qc2 Nfd7 15. Nd3 Qb6 16. Ne4 Na6 17. b3 Rac8 18. Bb2 f5 19. Nec5 Naxc5 20. dxc5 Qc7 21. a3 Bf6 22. b4 Kh8 23. Rd1 Bxb2 24. Qxb2 e5 25. Red2 axb4 26. axb4 Rce8 27. Nc1 Nf6 28. Nb3 f4 29. exf4 exf4 30. Na5 f3 31. gxf3 Qf4 32. Qd4 Qxf3 33. Rd3 Qf5 34. Rg3 Rf7 35. Rf1 Nh5 36. Re3 Rxe3 37. Qxe3 Nf4 38. Kh2 Nd5 39. Qd4 Rf8 40. Nxc6 Nf4 41. Qc3 Qd5 42. Rg1 Nh5 43. Qd4 Qxc6 44. Rg5 Nf6 45. Qd6 Qxd6+ 46. cxd6 Rb8 47. Kg2 Kg8 48. Kf3 Kf8 49. Re5 Rd8 50. Rxb5 Rxd6 51. Rb7 Rd7 52. Rb6 Nd5 53. Rb8+ 0-1

[Event "VIE-ch (Women)"]
[Site "Hanoi"]
[Date "2020.10.08"]
[Round "6"]
[White "Nguyen, Thi Minh Oanh"]
[Black "Nguyen, Thi Minh Thu"]
[Result "1/2-1/2"]
[WhiteElo "1853"]
[BlackElo "1873"]
[PlyCount "42"]
[EventDate "2020.10.05"]
[EventType "swiss"]
[EventRounds "9"]
[EventCountry "VIE"]
[SourceTitle "EXT 2022"]
[Source "ChessBase"]
[SourceDate "2021.10.06"]
[SourceVersion "1"]
[SourceVersionDate "2021.10.06"]
[SourceQuality "1"]

1. d4 d5 2. c4 e6 3. Nc3 Nf6 4. Bg5 Be7 5. Nf3 0-0 6. e3 h6 7. Bh4 b6 8. Bd3 Bb7 9. 0-0 Nbd7 10. Qe2 Ne4 11. Bxe7 Qxe7 12. Rac1 Ndf6 13. cxd5 exd5 14. Ne5 c5 15. Nxe4 dxe4 16. Ba6 cxd4 17. Bxb7 Qxb7 18. exd4 Rac8 19. h3 Rxc1 20. Rxc1 Rc8 21. Rxc8+ Qxc8 1/2-1/2

[Event "VIE-ch (Women)"]
[Site "Hanoi"]
[Date "2020.10.08"]
[Round "5"]
[White "Nguyen, Thi Minh Thu"]
[Black "Le, Thanh Tu"]
[Result "0-1"]
[WhiteElo "1873"]
[BlackElo "2173"]
[PlyCount "40"]
[EventDate "2020.10.05"]
[EventType "swiss"]
[EventRounds "9"]
[EventCountry "VIE"]
[SourceTitle "EXT 2022"]
[Source "ChessBase"]
[SourceDate "2021.10.06"]
[SourceVersion "1"]
[SourceVersionDate "2021.10.06"]
[SourceQuality "1"]

1. d4 d5 2. c4 e6 3. Nc3 Nf6 4. Bg5 Be7 5. Nf3 h6 6. Bh4 0-0 7. e3 b6 8. cxd5 exd5 9. Be2 Bb7 10. 0-0 Nbd7 11. h3 c5 12. dxc5 bxc5 13. Rc1 Rc8 14. Ne1 Qb6 15. Qb3 Rfd8 16. Nd3 Ba8 17. Rfd1 Qxb3 18. axb3 Rb8 19. Bxf6 Bxf6 20. Nf4 d4 0-1

[Event "VIE-ch (Women)"]
[Site "Hanoi"]
[Date "2020.10.06"]
[Round "3"]
[White "Nguyen, Thi Minh Thu"]
[Black "Bui, Thi Diep Anh"]
[Result "1-0"]
[WhiteElo "1873"]
[BlackElo "1662"]
[PlyCount "99"]
[EventDate "2020.10.05"]
[EventType "swiss"]
[EventRounds "9"]
[EventCountry "VIE"]
[SourceTitle "EXT 2022"]
[Source "ChessBase"]
[SourceDate "2021.10.06"]
[SourceVersion "1"]
[SourceVersionDate "2021.10.06"]
[SourceQuality "1"]

1. d4 Nf6 2. Nf3 g6 3. c4 Bg7 4. g3 0-0 5. Bg2 d5 6. cxd5 Nxd5 7. 0-0 c6 8. e4 Nb6 9. Nc3 Na6 10. Bf4 Be6 11. Qc1 Bc4 12. Rd1 Nb4 13. Ne5 Bxe5 14. dxe5 Qc8 15. Bh6 Rd8 16. b3 Ba6 17. Qg5 Qe6 18. Bf3 f6 19. Bg4 Qf7 20. Qh4 Bd3 21. e6 Qe8 22. a3 Na6 23. Be3 Bc2 24. Bxb6 Rxd1+ 25. Bxd1 Bxd1 26. Rxd1 axb6 27. e5 Nc5 28. Ne4 Nxe4 29. Qxe4 Rd8 30. Rxd8 Qxd8 31. exf6 exf6 32. e7 Qe8 33. Qe6+ Kg7 34. a4 c5 35. h3 h6 36. f4 h5 37. g4 hxg4 38. hxg4 f5 39. g5 Kh7 40. Kf2 Kg7 41. Ke3 Kh7 42. Kd3 Kg7 43. Kc4 Kh8 44. Qf6+ Kg8 45. Qf8+ Qxf8 46. exf8Q+ Kxf8 47. Kb5 Ke7 48. Kxb6 Kd6 49. Kxb7 Kd5 50. a5 1-0

[Event "VIE-chT (Women)"]
[Site "Bac Giang"]
[Date "2020.06.10"]
[Round "7.6"]
[White "Nguyen, Ngoc Thuy Trang"]
[Black "Nguyen, Thi Minh Thu"]
[Result "0-1"]
[WhiteElo "1953"]
[BlackElo "1873"]
[PlyCount "108"]
[EventDate "2020.06.06"]
[EventType "swiss"]
[EventRounds "9"]
[EventCountry "VIE"]
[SourceTitle "CBM 197 Extra"]
[Source "ChessBase"]
[SourceDate "2020.09.30"]
[SourceVersion "1"]
[SourceVersionDate "2020.09.30"]
[SourceQuality "1"]

1. d4 d5 2. Nf3 e6 3. e3 Nf6 4. Bd3 Bd6 5. Nbd2 0-0 6. b3 Nc6 7. Bb2 Qe7 8. Ne5 Nb4 9. Be2 c5 10. a3 Nc6 11. Bd3 cxd4 12. exd4 Qc7 13. f4 Ne8 14. 0-0 f5 15. c4 Qe7 16. cxd5 exd5 17. Qc2 Bd7 18. Rae1 Qd8 19. Ndf3 Rc8 20. Qb1 g6 21. Nxd7 Qxd7 22. Ne5 Qd8 23. Qd1 Nf6 24. b4 Kg7 25. Re3 Re8 26. Rg3 Ne4 27. Bxe4 fxe4 28. f5 Nxe5 29. dxe5 Bxe5 30. Bxe5+ Rxe5 31. fxg6 hxg6 32. Qg4 Rc6 33. Qf4 Qf6 34. Qe3 Qd8 35. Qf4 Qf6 36. Qe3 Qd8 37. Qf4 Qe7 38. Qe3 Rf6 39. Rc1 Qd6 40. Qxa7 Qb6+ 41. Qxb6 Rxb6 42. Kf2 d4 43. Ke2 Kf6 44. Rg4 Rd6 45. Rf4+ Ke6 46. h4 Rc6 47. Rxc6+ bxc6 48. a4 Kd5 49. a5 e3 50. a6 d3+ 51. Kxd3 e2 52. Rd4+ Ke6 53. a7 e1Q 54. a8Q Qe2+ 0-1

[Event "VIE-ch U20 Girls"]
[Site "Hanoi"]
[Date "2020.??.??"]
[Round "7"]
[White "Nguyen, Thi Minh Thu"]
[Black "Kieu, Bich Thuy"]
[Result "0-1"]
[WhiteElo "1873"]
[BlackElo "1946"]
[PlyCount "40"]
[EventDate "2020.10.22"]
[EventType "tourn"]
[EventRounds "9"]
[EventCountry "VIE"]
[SourceTitle "EXT 2022"]
[Source "ChessBase"]
[SourceDate "2021.10.06"]
[SourceVersion "1"]
[SourceVersionDate "2021.10.06"]
[SourceQuality "1"]

1. d4 d5 2. c4 e6 3. Nc3 Nf6 4. Bg5 Be7 5. Nf3 0-0 6. e3 c6 7. cxd5 exd5 8. Bd3 Bg4 9. h3 Bh5 10. 0-0 Nbd7 11. Rb1 Ne4 12. Bxe7 Qxe7 13. Be2 f5 14. Qc2 Rae8 15. Ne1 Bxe2 16. Nxe2 Qe6 17. b4 Nb6 18. Nd3 Nc4 19. Rbc1 g5 20. a4 Re7 0-1

[Event "ASEAN-ch (Women) 4th"]
[Site "Bac Giang"]
[Date "2019.10.30"]
[Round "7"]
[White "Nguyen, Thi Minh Thu"]
[Black "Do, Hoang Minh Tho"]
[Result "0-1"]
[WhiteElo "1874"]
[BlackElo "1944"]
[PlyCount "86"]
[EventDate "2019.10.25"]
[EventType "swiss"]
[EventRounds "9"]
[EventCountry "VIE"]
[SourceTitle "CBM 192 Extra"]
[Source "Chessbase"]
[SourceDate "2019.11.06"]
[SourceVersion "1"]
[SourceVersionDate "2019.11.06"]
[SourceQuality "1"]

1. Nf3 d5 2. g3 Nf6 3. Bg2 c6 4. 0-0 Bg4 5. d4 e6 6. c4 Bd6 7. Nc3 Nbd7 8. Re1 dxc4 9. e4 Bb4 10. Qa4 Qa5 11. Qxa5 Bxa5 12. h3 Bxf3 13. Bxf3 0-0-0 14. Rd1 e5 15. Be3 Bb6 16. Bg2 exd4 17. Bxd4 Bxd4 18. Rxd4 Ne5 19. Rad1 Rxd4 20. Rxd4 Rd8 21. Rxd8+ Kxd8 22. Kf1 Nd3 23. Nd1 Kd7 24. Ke2 Nc1+ 25. Kd2 Nxa2 26. Ne3 b5 27. e5 Ne8 28. Nf5 Nb4 29. Nd4 Nc7 30. f4 g6 31. g4 Ncd5 32. f5 Nf4 33. Be4 Nxh3 34. Kc3 a5 35. e6+ fxe6 36. fxe6+ Kd6 37. e7 Kxe7 38. Nxc6+ Nxc6 39. Bxc6 b4+ 40. Kxc4 Kd6 41. Ba8 Nf2 42. Kb5 Nxg4 43. Kxa5 Kc5 0-1

[Event "ASEAN-ch (Women) 4th"]
[Site "Bac Giang"]
[Date "2019.10.26"]
[Round "3"]
[White "Nguyen, Thi Minh Thu"]
[Black "Nguyen, Thi Thanh An"]
[Result "0-1"]
[WhiteElo "1874"]
[BlackElo "2280"]
[PlyCount "78"]
[EventDate "2019.10.25"]
[EventType "swiss"]
[EventRounds "9"]
[EventCountry "VIE"]
[SourceTitle "CBM 192 Extra"]
[Source "Chessbase"]
[SourceDate "2019.11.06"]
[SourceVersion "1"]
[SourceVersionDate "2019.11.06"]
[SourceQuality "1"]

1. Nf3 g6 2. g3 Bg7 3. Bg2 Nf6 4. 0-0 0-0 5. c4 d6 6. Nc3 Nc6 7. d4 a6 8. b3 Rb8 9. a4 Bg4 10. Bb2 Qc8 11. Re1 Re8 12. d5 Nb4 13. Qd2 c5 14. e4 Nd7 15. Re3 Bh6 16. Na2 Nxa2 17. Rxa2 Bxf3 18. Bxf3 Ne5 19. Bg2 Bxe3 20. Qxe3 f6 21. f4 Nf7 22. h3 b5 23. g4 bxc4 24. bxc4 Rf8 25. g5 fxg5 26. fxg5 e5 27. Bc3 Rb3 28. Rc2 Qd7 29. h4 Qg4 30. Qe1 Nd8 31. Rb2 Rxb2 32. Bxb2 Rf4 33. Bc1 Qxh4 34. Qxh4 Rxh4 35. Kf2 Nf7 36. a5 h6 37. Kf3 hxg5 38. Bxg5 Rh5 39. Be7 Kg7 0-1

[Event "VIE-chT (Women)"]
[Site "Ho Chi Minh City"]
[Date "2019.09.29"]
[Round "5.19"]
[White "Nguyen, Thi Minh Thu"]
[Black "Luong, Hoang Tu Linh"]
[Result "1-0"]
[WhiteElo "1874"]
[BlackElo "1698"]
[PlyCount "55"]
[EventDate "2019.09.26"]
[EventType "swiss"]
[EventRounds "9"]
[EventCountry "VIE"]
[SourceTitle "EXT 2020"]
[Source "ChessBase"]
[SourceDate "2019.10.17"]
[SourceVersion "1"]
[SourceVersionDate "2019.10.17"]
[SourceQuality "1"]

1. Nf3 d5 2. g3 Nf6 3. Bg2 c5 4. 0-0 Nc6 5. d4 e6 6. c3 Bd6 7. Nbd2 0-0 8. Re1 e5 9. dxe5 Nxe5 10. Nxe5 Bxe5 11. e4 d4 12. Nc4 Bc7 13. cxd4 cxd4 14. e5 Ng4 15. Re4 f5 16. Rxd4 Qe7 17. b3 Nxe5 18. Ba3 Qf6 19. Bxf8 Kxf8 20. Nxe5 Qxe5 21. Rc1 Bb6 22. Rd5 Qf6 23. Qe2 Be6 24. Rd6 Qg5 25. Re1 Bf7 26. Rd7 Re8 27. Rxf7+ Kxf7 28. Qxe8+ 1-0